00555nam a2200157Ia 4500008004100000020002200041082001900063100002800082245009400110250001600204260002800220300001000248942001200258999001900270952010800289210430s9999 xx 000 0 und d a978-0-471-73580-9 a518.63 S 512 N aGranville Sewell954095 4aThe Numerical Solution of Ordinary and Partial Differential Equations /cGranville Sewell a2nd edition aNew JerseybWileyc2005 a333 p cBK2ddc c564557d564557 001040708NFICaSCMEbSCMEcGENd0002-12-14l0o518.63 S 512 NpSCME-3775r2021-04-30w2021-04-30yBK